000 02343cam a2200277 4500500
005 20260111145818.0
041 _afre
042 _adc
100 1 0 _aPoulard, Frédéric
_eauthor
245 0 0 _aMarchands d'estampes à Paris : statuts et jugement esthétique
260 _c2005.
500 _a62
520 _aRésuméL’auteur commence par décrire les techniques de fabrication des estampes et situe les estampes dites « d’artistes » par rapport à celles de reproduction artistique. D’abord il propose une typologie des marchands en fonction de leur biographie, des espaces commerciaux et des situations de transaction. L’organisation sociale de ce marché se lit à travers l’existence de statuts professionnels qui viennent complexifier la notion de « marchand ». Ces statuts, fondés sur des critères économiques, sociaux et symboliques, mais aussi les conventions qui encadrent le jugement esthétique constituent les deux aspects essentiels de ce type de commerces.
520 _aThe author first describes the techniques of print fabrication and distinguishes the so-called artists’ prints from art reproduction prints. He first gives a typology of sellers according to their biography and transactions. This social trade organization is revealed both by the existence of occupational statuses based on economic, relational and symbolic criteria and by the norms of aesthetic judgment.
520 _aZusammenfassungDer Autor beschreibt die Techniken der Graphikherstellung und unterscheidet die sogenannten Künstlergraphiken von den Kunstreproduktionen von Graphiken. Zuerst gibt er eine Typologie der Händler nach ihrer Biographie und Transaktionen. Die soziale Organisation dieses Handels lässt sich an den beruflichen Statusen, die auf wirtschaftlichen, relationalen und symbolischen Kriterien beruhen, sowie an den Normen des ästhetischen Urteils erkennen.
690 _aestampes d'artistes
690 _ajugement esthétique
690 _amarché de l'art
690 _aParis
690 _aaesthetic judgment
690 _aart market
690 _aartists' prints
690 _aParis
786 0 _nEthnologie française | 35 | 1 | 2005-03-01 | p. 73-80 | 0046-2616
856 4 1 _uhttps://shs.cairn.info/revue-ethnologie-francaise-2005-1-page-73?lang=fr&redirect-ssocas=7080
999 _c1636493
_d1636493